[Event "Indywidualne Mistrzostwa Polski do lat 20"]
[Site "Pokrzywna"]
[Date "1899-12-30"]
[Round "2.19"]
[White "Trybus, Daniel"]
[Black "Dziewonski, Dariusz"]
[Result "1/2-1/2"]
[WhiteTitle "I++"]
[BlackTitle "I++"]
[WhiteElo "2125"]
[BlackElo "1925"]

1. e4 c5 2. Nf3 e6 3. d4 cxd4 4. Nxd4 Nf6 5. Nc3 Nc6 6. Ndb5 Bb4 7. a3 Bxc3+ 8.
Nxc3 d5 9. exd5 exd5 10. Bd3 O-O 11. O-O d4 12. Ne2 Bg4 13. Re1 Re8 14. Bg5 Qd6
15. Qd2 Bxe2 16. Bf4 Qd5 17. Bxe2 Rad8 18. Bf3 Ne4 19. Qd3 f5 20. Rad1 Kh8 21.
c3 Qf7 22. cxd4 Rxd4 23. Qb1 Qd7 24. Be3 Rxd1 25. Rxd1 Qe7 26. h3 a6 27. Rd5 Qe6
28. Qd1 h6 29. Rd7 Re7 30. Rd5 Re8 31. Bh5 Re7 32. Be2 Nxf2 33. Bxf2 Qxe2 34.
Qb3 Qe6 35. Qd1 Qe4 36. b4 Re6 37. Rd6 Qe5 38. Rd5 Qe4 39. Rd6 Kh7 40. Qd2 Rxd6
41. Qxd6 Qb1+ 42. Kh2 Qb2 43. Bg3 Qf6 44. Qd7 b5 1/2-1/2

[Event "Indywidualne Mistrzostwa Polski do lat 20"]
[Site "Pokrzywna"]
[Date "1899-12-30"]
[Round "2.20"]
[White "Starosciak, Szymon"]
[Black "Dixa, Oskar"]
[Result "0-1"]
[WhiteTitle "I"]
[BlackTitle "k"]
[WhiteElo "1864"]
[BlackElo "2087"]

1. e4 e5 2. Nf3 Nc6 3. Bb5 a6 4. Ba4 Nf6 5. O-O b5 6. Bb3 Be7 7. Re1 O-O 8. a4
Bb7 9. c3 d6 10. d3 Na5 11. Bc2 c5 12. Nbd2 Re8 13. Nf1 Qc7 14. Ng3 g6 15. d4
Bf8 16. d5 Bg7 17. h3 c4 18. Nh2 Bc8 19. Ng4 Nxg4 20. hxg4 Qd7 21. f3 Qd8 22.
Be3 Bd7 23. Qd2 bxa4 24. Bxa4 Bb5 25. Bc2 Kf8 26. Ra3 Nb7 27. Rea1 Rb8 28. Nf1
Qc8 29. Qf2 Bf6 30. Nd2 Kg7 31. g5 Be7 32. Qh4 f6 33. Qh6+ Kg8 34. Kf2 Bf8 35.
Qh4 fxg5 36. Bxg5 Nc5 37. Rh1 Rb7 38. f4 exf4 39. Bxf4 Rf7 40. g3 Be7 41. Qh6
Qg4 42. Ke3 g5 43. e5 gxf4+ 44. gxf4 Nd3 0-1

[Event "Indywidualne Mistrzostwa Polski do lat 20"]
[Site "Pokrzywna"]
[Date "1899-12-30"]
[Round "2.21"]
[White "Baum, Jonasz"]
[Black "Jaworski, Tymon"]
[Result "1/2-1/2"]
[WhiteTitle "IM"]
[BlackTitle "I"]
[WhiteElo "2308"]
[BlackElo "1510"]

1. d4 Nf6 2. Bg5 d6 3. Bxf6 gxf6 4. Nf3 Bg7 5. e3 e5 6. c4 e4 7. Nfd2 f5 8. Nc3
c5 9. Nb3 Nd7 10. Be2 O-O 11. Qd2 Qg5 12. g3 b6 13. h4 Qd8 14. Rd1 Bb7 15. dxc5
Nxc5 16. Nxc5 dxc5 17. Qc2 Qe7 18. Kd2 Rad8+ 19. Kc1 Rxd1+ 20. Rxd1 Rd8 21. Rd2
Rxd2 22. Qxd2 Bxc3 23. Qxc3 Bc8 24. Bf1 f6 25. Bh3 Kf7 26. Qc2 Qe6 27. Bf1 Qd6
28. Be2 Kg6 29. Qa4 Qd7 30. Qa3 Qe7 31. Qc3 Qd6 32. Qe1 Qe7 33. Qh1 Bb7 34. Kc2
Qe6 35. Qd1 Qe7 36. Kc1 Bc6 37. Qg1 Qe6 38. Qf1 Qf7 39. Qh1 Qe6 40. Qg1 Bb7 41.
b3 Bc8 42. Kc2 Bd7 43. Qd1 Kf7 44. Bf1 Kg6 45. Bh3 b5 46. Bf1 1/2-1/2

[Event "Indywidualne Mistrzostwa Polski do lat 20"]
[Site "Pokrzywna"]
[Date "1899-12-30"]
[Round "2.22"]
[White "Haliniak, Wojciech"]
[Black "Sernecki, Franciszek"]
[Result "0-1"]
[WhiteTitle "I"]
[BlackTitle "FM"]
[WhiteElo "1764"]
[BlackElo "2266"]

1. e4 c6 2. d4 d5 3. e5 Bf5 4. Nf3 e6 5. Be2 Ne7 6. O-O Nd7 7. Be3 h6 8. b3 Bh7
9. c4 Nf5 10. Nc3 Be7 11. Bd3 Nxe3 12. fxe3 O-O 13. Bxh7+ Kxh7 14. Qd3+ Kg8 15.
Rac1 Qa5 16. cxd5 cxd5 17. Qb5 Qxb5 18. Nxb5 Bd8 19. Nd6 Rb8 20. Rc2 f6 21. Rfc1
fxe5 22. dxe5 Bb6 23. Nd4 Nxe5 24. Nc8 Bxd4 25. Ne7+ Kf7 26. exd4 Nd3 27. Rd1
Kxe7 28. Rxd3 Rbc8 29. Rdd2 Kd6 30. g3 Rc6 31. Rxc6+ bxc6 32. Rc2 Rf3 33. Rc5
e5 34. Ra5 exd4 35. Rxa7 d3 36. Ra4 Ke5 0-1

[Event "Indywidualne Mistrzostwa Polski do lat 20"]
[Site "Pokrzywna"]
[Date "1899-12-30"]
[Round "2.23"]
[White "Kazmierowski, Tymon"]
[Black "Stachecki, Mikolaj"]
[Result "1-0"]
[WhiteTitle "I+"]
[BlackTitle "I+"]
[WhiteElo "1996"]
[BlackElo "1822"]

1. d4 Nf6 2. c4 g6 3. Nf3 Bg7 4. g3 d6 5. Bg2 O-O 6. O-O Nc6 7. Nc3 e5 8. dxe5
dxe5 9. Bg5 Be6 10. Qa4 Qb8 11. Nd2 Nd4 12. e3 Bd7 13. Qd1 Ne8 14. exd4 exd4 15.
Nb3 dxc3 16. Qxd7 cxb2 17. Rab1 Nd6 18. Be7 Re8 19. Bxd6 Rd8 20. Qxc7 Rxd6 21.
Qxb7 Qxb7 22. Bxb7 Rb8 23. c5 Re6 24. c6 Be5 25. Rfe1 Rbe8 26. Kg2 R8e7 27. Nc5
Bc3 28. Nxe6 Bxe1 29. c7 1-0

[Event "Indywidualne Mistrzostwa Polski do lat 20"]
[Site "Pokrzywna"]
[Date "1899-12-30"]
[Round "2.24"]
[White "Kocierz, Pawel"]
[Black "Meers, Hubert"]
[Result "1/2-1/2"]
[WhiteTitle "II"]
[BlackTitle "k"]
[WhiteElo "1701"]
[BlackElo "1986"]

1. Nf3 Nf6 2. g3 d5 3. Bg2 c5 4. O-O Nc6 5. d4 e6 6. c4 dxc4 7. Ne5 Nxe5 8. dxe5
Qxd1 9. Rxd1 Nd7 10. f4 Be7 11. Na3 Nb6 12. Be3 Rb8 13. Rac1 Nd5 14. Bxd5 exd5
15. Rxd5 Be6 16. Rd2 b5 17. Bf2 O-O 18. e4 g6 19. Nc2 Rfd8 20. Rcd1 Rxd2 21. Rxd2
c3 22. bxc3 Bxa2 23. Rd7 Bf8 24. Rxa7 Bb1 25. Ne3 b4 26. cxb4 cxb4 27. Nd5 b3
28. Bd4 Bg7 29. Ne7+ Kh8 30. Nc6 Rc8 31. Rb7 Bxe4 32. Rb8 Rxb8 33. Nxb8 Bf8 34.
Bb2 Bc5+ 35. Kf1 Bd3+ 36. Ke1 Bb4+ 37. Kf2 Bb5 38. e6+ Kg8 39. Nd7 fxe6 40. Nf6+
Kf7 41. Nxh7 Ke7 42. Ke3 Kd6 43. Ke4 Kc5 44. Nf8 Kc4 45. Nxg6 Bc3 46. Ba3 Bd2
47. h4 Kc3 48. h5 Bd3+ 49. Ke5 Kc2 50. Kxe6 Bc1 51. Bxc1 Kxc1 52. Ne5 Bh7 53.
f5 Bg8+ 54. Kf6 Kc2 55. Kg7 b2 56. Kxg8 b1=Q 57. Ng6 Qb8+ 58. Kg7 Qb7+ 59. Kf6
Qb6+ 60. Kg5 Qe3+ 61. Kf6 Qxg3 62. h6 Qd6+ 63. Kf7 Qh2 64. Kg7 Qc7+ 65. Kg8 Qc8+
66. Nf8 Qxf5 67. h7 Qg5+ 68. Kf7 Qf5+ 69. Kg8 Qd5+ 70. Kg7 Qb7+ 71. Kg8 1/2-1/2

[Event "Indywidualne Mistrzostwa Polski do lat 20"]
[Site "Pokrzywna"]
[Date "1899-12-30"]
[Round "2.25"]
[White "Panek, Bartosz"]
[Black "Wasik, Mateusz"]
[Result "1-0"]
[WhiteTitle "I+"]
[BlackTitle "I"]
[WhiteElo "1981"]
[BlackElo "1765"]

1. e4 c5 2. c3 d5 3. exd5 Qxd5 4. d4 Nf6 5. Nf3 e6 6. Be2 Nc6 7. O-O cxd4 8. cxd4
Be7 9. Nc3 Qd6 10. a3 O-O 11. b4 b6 12. Be3 Bb7 13. Qb3 Rfd8 14. Rfd1 Bf8 15.
Rac1 Rac8 16. g3 Qb8 17. Bf4 Qa8 18. Nb5 Nd5 19. Bg5 Be7 20. Bxe7 Ndxe7 21. Ne5
a6 22. Nxf7 Kxf7 23. Bg4 Kg8 24. Bxe6+ Kh8 25. Bxc8 Qxc8 26. d5 axb5 27. dxc6
Bxc6 28. Qf7 Rxd1+ 29. Rxd1 Ng6 30. f4 Nh4 31. Qe7 Nf3+ 32. Kf2 Bd5 33. Rxd5 Qc2+
34. Qe2 1-0

[Event "Indywidualne Mistrzostwa Polski do lat 20"]
[Site "Pokrzywna"]
[Date "1899-12-30"]
[Round "2.26"]
[White "Karut, Kacper"]
[Black "Janeczko, Jakub"]
[Result "0-1"]
[WhiteTitle "I"]
[BlackTitle "I++"]
[WhiteElo "1607"]
[BlackElo "1980"]

1. e4 c5 2. Nf3 Nc6 3. d4 cxd4 4. Nxd4 Nf6 5. Nc3 e6 6. Be2 Bb4 7. O-O Bxc3 8.
bxc3 Nxe4 9. Bd3 Nc5 10. Qg4 g6 11. Nxc6 dxc6 12. Bg5 f6 13. Be3 Nxd3 14. cxd3
Kf7 15. Rab1 b6 16. Rb4 c5 17. Ra4 Bd7 18. Ra3 Bc6 19. c4 Qd6 20. Bf4 Qd4 21.
Qg3 h5 22. Be3 Qd7 23. Rd1 Rad8 24. h4 e5 25. f4 e4 26. d4 cxd4 27. Rxd4 Qe7 28.
Rxd8 Rxd8 29. c5 f5 30. Qf2 b5 31. Ra6 Qb7 32. Ra3 b4 33. Rb3 a5 34. Rb2 Rd3 35.
Rd2 Qb5 36. Rxd3 Qxd3 37. g3 a4 38. Qd2 b3 39. axb3 axb3 0-1

[Event "Indywidualne Mistrzostwa Polski do lat 20"]
[Site "Pokrzywna"]
[Date "1899-12-30"]
[Round "2.27"]
[White "Kaliszuk, Kamil"]
[Black "Warchol, Kamil"]
[Result "0-1"]
[WhiteTitle "I+"]
[BlackTitle "CM"]
[WhiteElo "1961"]
[BlackElo "1755"]

1. e4 c5 2. c3 d6 3. d4 Nf6 4. Bd3 g6 5. Nf3 Bg7 6. O-O O-O 7. h3 Nfd7 8. Be3 Nc6
9. Nbd2 b6 10. Rc1 Bb7 11. Re1 Rc8 12. a3 Qc7 13. Qe2 Qb8 14. Bb5 Qa8 15. d5 Ncb8
16. Nf1 a6 17. Bd3 Ne5 18. Nxe5 dxe5 19. Qg4 Rcd8 20. b4 Nd7 21. Rcd1 Qc8 22.
Qh4 Qc7 23. Bg5 Nf6 24. c4 Qd6 25. Rb1 Bc8 26. f4 Rde8 27. g4 Bd7 28. Qf2 h5 29.
bxc5 bxc5 30. Bxf6 Qxf6 31. f5 hxg4 32. hxg4 Bh6 33. Ne3 Kg7 34. Kf1 Rh8 35. Ng2
Bg5 36. Ke2 Rh2 37. Rh1 Reh8 38. Rxh2 Rxh2 39. Qg1 Rh3 40. Qxc5 gxf5 41. Rb6 fxe4
42. Rxf6 exd3+ 43. Kf2 exf6 44. d6 d2 45. Qd5 Be6 46. d7 Bxd5 47. d8=Q 0-1

[Event "Indywidualne Mistrzostwa Polski do lat 20"]
[Site "Pokrzywna"]
[Date "1899-12-30"]
[Round "2.28"]
[White "Suska, Szymon"]
[Black "Bojczewski, Mateusz"]
[Result "0-1"]
[WhiteTitle "I"]
[BlackTitle "I+"]
[WhiteElo "1548"]
[BlackElo "1960"]

1. e4 c6 2. g3 d5 3. Bg2 dxe4 4. Nc3 Bf5 5. Nxe4 Nd7 6. Ne2 Ngf6 7. N2c3 g6 8.
d3 Bg7 9. Be3 Nd5 10. Bd2 Qb6 11. Na4 Qc7 12. c4 N5f6 13. Bb4 Rd8 14. Qe2 Ne5
15. Rd1 b6 16. Nac3 c5 17. Nb5 Qd7 18. Bc3 Nxd3+ 19. Kf1 O-O 20. Bxf6 Bxf6 21.
Nxf6+ exf6 22. Bd5 Rfe8 23. Qd2 Bh3+ 24. Kg1 Ne5 25. Qf4 Nxc4 26. Nc3 Nxb2 27.
Rb1 Na4 28. Bxf7+ Kxf7 29. Qxa4 Qxa4 30. Nxa4 Re2 31. Nc3 Rc2 32. Ne4 Rd4 33.
Re1 Rxe4 34. Rd1 Rd2 35. Rb1 Ree2 36. g4 Rxf2 37. g5 Rg2+ 38. Kf1 0-1

[Event "Indywidualne Mistrzostwa Polski do lat 20"]
[Site "Pokrzywna"]
[Date "1899-12-30"]
[Round "2.29"]
[White "Budzisz, Adrian"]
[Black "Ochedzan, Filip"]
[Result "1-0"]
[WhiteTitle "I+"]
[BlackTitle "II"]
[WhiteElo "1955"]
[BlackElo "1617"]

1. d4 d5 2. c4 dxc4 3. Nf3 Nf6 4. Nc3 a6 5. a4 Nc6 6. e3 Na5 7. Ne5 e6 8. Nxc4
Nxc4 9. Bxc4 c5 10. O-O cxd4 11. exd4 Be7 12. a5 O-O 13. Re1 h6 14. Qb3 Qxd4 15.
Be3 Qd7 16. Na4 b5 17. axb6 Bb7 18. Rac1 Rfd8 19. Bf4 Bd6 20. Bxd6 Qxd6 21. Qa3
Rac8 22. Qxd6 Rxd6 23. Be2 Rxc1 24. Rxc1 Nd5 25. Rd1 Rc6 26. Bf3 Kf8 27. h3 Ke7
28. Kh2 Rc4 29. b3 Rb4 30. Rc1 Rxb3 31. Bxd5 Bxd5 32. Rc7+ Kd6 33. Ra7 Ra3 34.
Rxa6 Bc4 35. b7+ Kc7 36. Rb6 Kb8 37. Nc5 Ra8 38. Nd7+ Ka7 39. bxa8=Q+ Kxa8 40.
Rb8+ Ka7 41. Rg8 Bd5 42. Rxg7 1-0

[Event "Indywidualne Mistrzostwa Polski do lat 20"]
[Site "Pokrzywna"]
[Date "1899-12-30"]
[Round "2.30"]
[White "Liskiewicz, Jakub"]
[Black "Dzwierzynski, Bartosz"]
[Result "0-1"]
[WhiteTitle "I"]
[BlackTitle "I"]
[WhiteElo "1504"]
[BlackElo "1939"]

1. d4 f5 2. Bg5 g6 3. c4 Bg7 4. e3 Nf6 5. Nc3 O-O 6. Be2 e6 7. h4 h6 8. Bf4 d6
9. Qc2 Nc6 10. Nf3 Qe8 11. d5 e5 12. dxc6 exf4 13. exf4 bxc6 14. O-O Ne4 15. Rfe1
Nxc3 16. bxc3 c5 17. Rab1 Bd7 18. Nd2 Qd8 19. Bf3 Rc8 20. h5 g5 21. fxg5 hxg5
22. Rb7 a5 23. Qd3 g4 24. Bd5+ Kh8 25. Nf1 Re8 26. Rxe8+ Qxe8 27. Qe3 Qxe3 28.
Nxe3 Bxc3 29. Bf7 Be5 30. Nd5 g3 31. Ne7 gxf2+ 32. Kf1 Rd8 33. Bg6 Be6 34. Nd5
c6 35. Rh7+ Kg8 0-1

[Event "Indywidualne Mistrzostwa Polski do lat 20"]
[Site "Pokrzywna"]
[Date "1899-12-30"]
[Round "2.31"]
[White "Zabron, Maksym"]
[Black "Zimny, Jakub"]
[Result "1-0"]
[WhiteTitle "I++"]
[BlackTitle "II+"]
[WhiteElo "1932"]
[BlackElo "1569"]

1. d4 g6 2. c4 Bg7 3. Nc3 c5 4. d5 Bxc3+ 5. bxc3 f5 6. e4 fxe4 7. h4 Nf6 8. h5
Rg8 9. hxg6 Rxg6 10. Ne2 d6 11. Nf4 Rg7 12. Be2 Bf5 13. Bh5+ Kf8 14. Be3 Nbd7
15. Ne6+ Bxe6 16. dxe6 Nxh5 17. exd7 Nf6 18. Bh6 Qxd7 19. Rh3 Kf7 20. Bxg7 Kxg7
21. Qe2 a6 22. Rb1 b5 23. cxb5 axb5 24. Rxb5 Rxa2 25. Qxa2 Qxb5 26. Rg3+ Kf8 27.
c4 Qb4+ 28. Kf1 Kf7 29. Qc2 Qa5 30. Qb2 Qa4 31. Qc1 Qb4 32. Kg1 Qb8 33. Ra3 Qb4
34. Rh3 Qb8 35. Qf4 Qg8 36. Rg3 Qh8 37. Ra3 Qb8 38. Kh2 Qg8 39. Ra7 Qb8 40. Ra3
Qg8 41. Rg3 Qh8 42. Re3 Qa8 43. g4 Ke8 44. g5 Nd7 45. Qxe4 Qxe4 46. Rxe4 Ne5 47.
Kg3 Kf7 48. f4 Nc6 49. Kg4 e5 50. f5 Kg7 51. Kh5 Nd4 52. f6+ Kf7 53. Kh6 Ke8 54.
Re1 Nf5+ 55. Kh5 Kf7 56. Ra1 e4 57. Ra7+ Kg8 58. g6 hxg6+ 59. Kxg6 Nh4+ 60. Kg5
Nf3+ 61. Kf4 Kf8 62. Kxe4 Ng5+ 63. Kd5 Nf7 64. Ke6 Ng5+ 65. Kxd6 Ne4+ 66. Ke5
Ng5 67. Kf5 Nf7 68. Ra8+ 1-0

[Event "Indywidualne Mistrzostwa Polski do lat 20"]
[Site "Pokrzywna"]
[Date "1899-12-30"]
[Round "2.32"]
[White "Kozlowski, Pawel"]
[Black "Bochenek, Ryszard"]
[Result "1-0"]
[WhiteTitle "I++"]
[BlackTitle "II"]
[WhiteElo "1924"]
[BlackElo "1445"]

1. e4 c5 2. Nc3 Nc6 3. g3 g6 4. Bg2 Bg7 5. d3 e6 6. Be3 b6 7. Qd2 Nge7 8. Bh6 Bxh6
9. Qxh6 Qc7 10. f4 Ba6 11. Nf3 O-O-O 12. O-O Kb8 13. a4 Nd4 14. Rf2 Nec6 15. Nxd4
Nxd4 16. a5 b5 17. f5 b4 18. Nd1 b3 19. cxb3 e5 20. Qe3 Nxb3 21. Ra3 Nd4 22. Nc3
d6 23. Nd5 Qd7 24. b4 Kc8 25. bxc5 dxc5 26. Rc3 Qd6 27. fxg6 fxg6 28. Rf6 Ne6
29. Rxe6 Qxe6 30. Qxc5+ Kd7 31. Bh3 1-0

[Event "Indywidualne Mistrzostwa Polski do lat 20"]
[Site "Pokrzywna"]
[Date "1899-12-30"]
[Round "2.33"]
[White "Czak, Dominik"]
[Black "Klim, Filip"]
[Result "0-1"]
[WhiteTitle "II"]
[BlackTitle "I++"]
[WhiteElo "1267"]
[BlackElo "1897"]

1. d4 d5 2. c4 e6 3. Nc3 a6 4. Nf3 Nf6 5. e3 Bd6 6. Bd2 O-O 7. Be2 b6 8. Qc2 Bb7
9. cxd5 exd5 10. Bd3 Nbd7 11. h3 Qe7 12. Ng5 h6 13. Nf3 Ne4 14. Bxe4 dxe4 15.
Ng1 Qg5 16. g4 f5 17. O-O-O fxg4 18. hxg4 Qxg4 19. Nh3 Rf3 20. Qb3+ Kh8 21. Rdg1
Qf5 22. Ng5 Rxf2 23. Ne6 Qf6 24. d5 Rh2 25. Rxh2 Bxh2 26. Rxg7 Nc5 27. Nxc5 Kxg7
28. Nxb7 Ra7 29. Nxe4 Qf1+ 30. Kc2 Qf5 31. Qd3 Rxb7 32. Bc3+ Be5 33. Bxe5+ Qxe5
34. Nc3 b5 35. a3 Rb6 36. Qe2 Rg6 37. e4 h5 38. Qf2 Rg3 39. Qa7 h4 40. Qxa6 h3
41. Qxb5 h2 42. Qd7+ Kh6 43. Qc6+ Rg6 0-1

[Event "Indywidualne Mistrzostwa Polski do lat 20"]
[Site "Pokrzywna"]
[Date "1899-12-30"]
[Round "2.34"]
[White "Jedrusik, Adam"]
[Black "Klim, Juliusz"]
[Result "1-0"]
[WhiteTitle "I"]
[BlackTitle "II"]
[WhiteElo "1891"]
[BlackElo "1292"]

1. d4 d5 2. Bf4 Nf6 3. e3 Bf5 4. c4 e6 5. Nc3 a6 6. Qb3 Nc6 7. cxd5 exd5 8. Nf3
Bd6 9. Bg5 Nb4 10. Rc1 c6 11. a3 Nd3+ 12. Bxd3 Bxd3 13. Bxf6 Qxf6 14. Nxd5 Qf5
15. Nb6 Rd8 16. Nc4 O-O 17. Nxd6 Rxd6 18. Rc5 Qg6 19. Rg5 Qe4 20. Re5 Qg6 21.
Nh4 Qg4 22. Qxd3 Qxh4 23. Qe4 Qxe4 24. Rxe4 Rd5 25. Kd2 Rfd8 26. a4 Kf8 27. Rc1
f5 28. Rh4 c5 29. Rxh7 cxd4 30. Rh8+ Kf7 31. Rxd8 Rxd8 32. Rc7+ 1-0

[Event "Indywidualne Mistrzostwa Polski do lat 20"]
[Site "Pokrzywna"]
[Date "1899-12-30"]
[Round "2.35"]
[White "Krawczyk, Eryk"]
[Black "Dalkowski, Rafal"]
[Result "0-1"]
[WhiteTitle "III"]
[BlackTitle "I"]
[WhiteElo "1233"]
[BlackElo "1871"]

1. d4 Nf6 2. c4 c5 3. e3 g6 4. Nf3 Bg7 5. Nc3 O-O 6. Be2 cxd4 7. exd4 d5 8. O-O
Nc6 9. Be3 Bg4 10. h3 Be6 11. c5 Qd7 12. Bb5 Qc7 13. Qc1 Nd7 14. Bf4 Qc8 15. Ng5
Nxd4 16. Nxe6 fxe6 17. Bd3 Nxc5 18. Bh6 Nxd3 19. Qd2 Bxh6 20. Qxh6 Nf5 21. Qg5
Qd7 22. Rad1 Ne5 23. Rfe1 Nf7 24. Qf4 e5 25. Qg4 e6 26. Ne4 Qe7 27. Nd2 Rac8 28.
Nf3 e4 29. Nh2 Qf6 30. b3 Rc2 31. a3 Ne5 32. Qf4 g5 33. Ng4 gxf4 34. Nxf6+ Rxf6
35. g4 fxg3 36. fxg3 Nxg3 37. Rc1 Ne2+ 38. Rxe2 Nf3+ 39. Kg2 Rxe2+ 40. Kh1 Rh2#
0-1

[Event "Indywidualne Mistrzostwa Polski do lat 20"]
[Site "Pokrzywna"]
[Date "1899-12-30"]
[Round "2.36"]
[White "Topola, Rafal"]
[Black "Durzynski, Jan"]
[Result "1-0"]
[WhiteTitle "I"]
[BlackTitle "II+"]
[WhiteElo "1827"]
[BlackElo "1266"]

1. e4 c5 2. Nf3 e6 3. d4 cxd4 4. Nxd4 a6 5. c4 Nf6 6. Bd3 Be7 7. Be3 O-O 8. O-O
d6 9. Nc3 Nc6 10. Nc2 Qc7 11. f4 b6 12. Qe2 Bb7 13. Rac1 Nd7 14. b4 a5 15. Nb5
Qb8 16. a3 Ba6 17. Nbd4 Nxd4 18. Nxd4 Rc8 19. Qg4 Nf6 20. Qh3 g6 21. f5 e5 22.
fxg6 hxg6 23. Bg5 Nd5 24. exd5 Bxg5 25. Rxf7 Kxf7 26. Qh7+ Kf6 27. Qxg6+ Ke7 28.
Qg7+ Kd8 29. Ne6+ Ke8 30. Bg6# 1-0

[Event "Indywidualne Mistrzostwa Polski do lat 20"]
[Site "Pokrzywna"]
[Date "1899-12-30"]
[Round "3.1"]
[White "Janik, Igor"]
[Black "Niedbala, Bartlomiej"]
[Result "1-0"]
[WhiteTitle "IM"]
[BlackTitle "FM"]
[WhiteElo "2489"]
[BlackElo "2348"]

1. d4 Nf6 2. c4 e6 3. Nf3 d5 4. Nc3 c6 5. e3 Nbd7 6. Qc2 Bd6 7. b3 O-O 8. Bb2 Qe7
9. Bd3 b6 10. O-O Bb7 11. Rfe1 Rfe8 12. e4 dxe4 13. Nxe4 Nxe4 14. Rxe4 Nf6 15.
Re2 Ba3 16. Bc3 Bb4 17. Bxb4 Qxb4 18. a3 Qd6 19. c5 Qc7 20. Rae1 Red8 21. Re3
h6 22. Bc4 Bc8 23. b4 a5 24. Ba2 axb4 25. axb4 bxc5 26. dxc5 Rb8 27. Rb3 Ba6 28.
Ra3 Bb5 29. Rae3 Nd5 30. Bxd5 Rxd5 31. Qc3 Rbd8 32. h3 Qf4 33. Re4 Qf6 34. Qc1
Ba4 35. Qa3 Bb5 36. Qc1 Ba4 37. Qa3 Bb5 38. Ne5 Rd2 39. Qg3 R2d4 40. Ng4 Qg6 41.
Rxd4 Rxd4 42. Qb8+ Kh7 43. Ne5 Re4 44. Qh8+ Kxh8 45. Nxg6+ 1-0

[Event "Indywidualne Mistrzostwa Polski do lat 20"]
[Site "Pokrzywna"]
[Date "1899-12-30"]
[Round "3.2"]
[White "Kowalski, Igor"]
[Black "Teclaf, Pawel"]
[Result "0-1"]
[WhiteTitle "FM"]
[BlackTitle "IM"]
[WhiteElo "2355"]
[BlackElo "2477"]

1. e4 c5 2. Nf3 e6 3. d4 cxd4 4. Nxd4 a6 5. Bd3 Bc5 6. Nb3 Ba7 7. Qe2 Nc6 8. Be3
d6 9. Nc3 b5 10. Rd1 Nf6 11. O-O Bxe3 12. Qxe3 O-O 13. Kh1 Qc7 14. f4 Bb7 15.
Qh3 Nb4 16. Nd4 Qc5 17. Nb3 Qc7 18. Nd4 Rac8 19. Qh4 Rfd8 20. a3 Nxd3 21. cxd3
Qc5 22. Nf3 a5 23. Ne2 b4 24. axb4 Qxb4 25. Ned4 Rd7 26. Qf2 Rdc7 27. h3 Ba6 28.
g4 Nd7 29. Rd2 Nc5 30. Rfd1 a4 31. g5 Qb7 32. Kh2 Rb8 33. Ne1 g6 34. Qg3 Qb4 35.
Qe3 Qb6 36. Qf2 Bxd3 37. Nxd3 Nxe4 38. Qe3 Nxd2 39. Rxd2 Rc4 40. Nf2 Rb4 41. Rd3
Rc8 42. Nd1 Rcc4 43. Ne2 Qxe3 44. Rxe3 Rc2 45. Kg3 Rd2 46. Nec3 Rbd4 47. Re1 R4d3+
48. Kh4 d5 49. Ne3 d4 50. Ncd5 dxe3 51. Nf6+ Kg7 0-1

[Event "Indywidualne Mistrzostwa Polski do lat 20"]
[Site "Pokrzywna"]
[Date "1899-12-30"]
[Round "3.3"]
[White "Godzwon, Iwo"]
[Black "Kosakowski, Jakub"]
[Result "0-1"]
[WhiteTitle "FM"]
[BlackTitle "IM"]
[WhiteElo "2347"]
[BlackElo "2431"]

1. e4 d6 2. d4 Nf6 3. Nc3 e5 4. Nf3 Nbd7 5. Bc4 Be7 6. O-O O-O 7. Re1 c6 8. a4
a5 9. Bb3 h6 10. h3 Re8 11. Be3 exd4 12. Bxd4 Nf8 13. Nh4 Be6 14. Nf5 Bxf5 15.
exf5 d5 16. Ne2 N8d7 17. Ng3 Bc5 18. Rxe8+ Nxe8 19. c4 Qb6 20. Ne2 Bxd4 21. Nxd4
dxc4 22. Bxc4 Ne5 0-1

[Event "Indywidualne Mistrzostwa Polski do lat 20"]
[Site "Pokrzywna"]
[Date "1899-12-30"]
[Round "3.4"]
[White "Pacan-milej, Kosma"]
[Black "Chyzy, Jakub"]
[Result "1-0"]
[WhiteTitle "FM"]
[BlackTitle "FM"]
[WhiteElo "2423"]
[BlackElo "2250"]

1. d4 Nf6 2. c4 g6 3. Nc3 Bg7 4. e4 d6 5. Be2 O-O 6. Nf3 c5 7. O-O Bg4 8. d5 e6
9. dxe6 fxe6 10. e5 Ne8 11. exd6 Nxd6 12. Be3 Qc7 13. Ng5 Bxe2 14. Qxe2 Re8 15.
Rad1 b6 16. Qf3 Bxc3 17. Rxd6 Be5 18. Rxe6 Na6 19. Rxe5 1-0

[Event "Indywidualne Mistrzostwa Polski do lat 20"]
[Site "Pokrzywna"]
[Date "1899-12-30"]
[Round "3.5"]
[White "Karolczuk, Iwo"]
[Black "Fus, Jakub"]
[Result "0-1"]
[WhiteTitle "k"]
[BlackTitle "FM"]
[WhiteElo "2065"]
[BlackElo "2401"]

1. d4 Nf6 2. Nf3 e6 3. e3 c5 4. Bd3 Nc6 5. O-O Qb6 6. Be2 d5 7. b3 cxd4 8. exd4
Be7 9. Bb2 O-O 10. Nbd2 Bd7 11. a3 a5 12. Bd3 a4 13. b4 Na7 14. c4 dxc4 15. Nxc4
Qa6 16. Nfe5 Bb5 17. Qf3 Rac8 18. Rac1 Nc6 19. Qh3 h6 20. Rfe1 Nxe5 21. dxe5 Nd5
22. Qg4 Bg5 23. Qe4 g6 24. Rc2 Nb6 25. h4 Bxc4 26. Bxc4 Rxc4 27. Rxc4 Nxc4 28.
hxg5 Nxb2 29. gxh6 Qd3 30. Qh4 Qd8 31. Qg4 b5 32. Kh2 Kh7 33. Re3 Nc4 34. Rh3
Nxe5 0-1

[Event "Indywidualne Mistrzostwa Polski do lat 20"]
[Site "Pokrzywna"]
[Date "1899-12-30"]
[Round "3.6"]
[White "Szczurek, Krzysztof"]
[Black "Psyk, Radoslaw"]
[Result "0-1"]
[WhiteTitle "FM"]
[BlackTitle "k++"]
[WhiteElo "2031"]
[BlackElo "2375"]

1. e4 c5 2. c3 g6 3. d4 cxd4 4. cxd4 d5 5. exd5 Nf6 6. Nc3 Nxd5 7. Nf3 Bg7 8. Qb3
Nxc3 9. bxc3 O-O 10. Be2 Nc6 11. O-O b6 12. Bf4 Bb7 13. Rfd1 Rc8 14. Rac1 Qd7
15. h3 Na5 16. Qa3 Nc4 17. Bxc4 Bxf3 18. Ba6 Bxd1 19. Bxc8 Rxc8 20. Rxd1 e6 21.
Qb3 Qc6 22. Be3 Bf8 23. Rc1 b5 24. d5 exd5 25. Bxa7 b4 26. Bd4 Qc4 27. Qb2 Bh6
28. Rc2 Qd3 29. Kh2 Bg5 30. g3 h5 31. h4 Bh6 32. a3 bxa3 33. Qb7 Qf5 34. Ra2 Bf8
35. Qb5 Qe6 36. Qb3 Re8 37. Be3 Qe4 38. Qb5 Rc8 39. Bd4 Qe6 40. Qb3 Qc6 41. Kg2
Re8 42. Ra1 Qd7 43. Be3 Qc6 44. Bd4 Ra8 45. Ra2 Qc4 46. Qxc4 dxc4 47. Kf3 f5 48.
Kf4 Kf7 49. Ke3 Ke6 50. f3 Kd5 51. Bf6 Bd6 52. Ra1 Ke6 53. Bg5 Be5 54. Kd2 Bxg3
55. Kc2 Bd6 56. Re1+ Kd7 57. Rd1 a2 58. Kb2 a1=Q+ 0-1

[Event "Indywidualne Mistrzostwa Polski do lat 20"]
[Site "Pokrzywna"]
[Date "1899-12-30"]
[Round "3.7"]
[White "Czernek, Tymon"]
[Black "Redzisz, Michal"]
[Result "1-0"]
[WhiteTitle "FM"]
[BlackTitle "k"]
[WhiteElo "2359"]
[BlackElo "2212"]

1. e4 e6 2. d4 d5 3. Nc3 Nf6 4. e5 Nfd7 5. f4 c5 6. Nf3 Nc6 7. Be3 a6 8. Qd2 b5
9. dxc5 Bxc5 10. Bd3 Qb6 11. Bf2 Bb7 12. O-O Bxf2+ 13. Rxf2 b4 14. Ne2 a5 15.
Ng3 g6 16. Re1 O-O-O 17. c3 Nc5 18. Ne2 b3 19. axb3 Nxb3 20. Qc2 Kb8 21. Nc1 Nxc1
22. Rxc1 Rc8 23. Qa4 Rhd8 24. Bf1 d4 25. Nd2 Nb4 26. Nc4 Rxc4 27. Bxc4 dxc3 28.
bxc3 Rd2 29. Rcf1 Nc2 30. Qe8+ Ka7 31. Qb5 Qe3 32. Be2 Qxc3 33. Rb1 Qc7 34. Bf3
Bxf3 35. Rxd2 Na3 36. Qd7 1-0

[Event "Indywidualne Mistrzostwa Polski do lat 20"]
[Site "Pokrzywna"]
[Date "1899-12-30"]
[Round "3.8"]
[White "Kozak, Antoni"]
[Black "Sowinski, Pawel"]
[Result "1/2-1/2"]
[WhiteTitle "m"]
[BlackTitle "I++"]
[WhiteElo "2375"]
[BlackElo "1767"]

1. d4 Nf6 2. Nf3 e6 3. Bg5 c5 4. e3 Nc6 5. Nbd2 cxd4 6. exd4 Be7 7. Bd3 O-O 8.
c3 d6 9. O-O e5 10. dxe5 dxe5 11. Qc2 h6 12. Bh4 Nh5 13. Bxe7 Qxe7 14. Rfe1 f5
15. Nxe5 Nxe5 16. Nc4 Nf3+ 17. gxf3 Qg5+ 18. Kh1 Qf4 19. Bf1 b6 20. Re7 Kh7 21.
Qd2 Qh4 22. Qe3 Nf4 23. Rd1 Rf6 24. Rd4 Rg6 25. Rxf4 Qg5 26. Rg4 fxg4 27. f4 Qd5+
28. Kg1 Ba6 29. b3 Rf6 30. Re5 Qf3 31. Bd3+ Kh8 32. Be4 Qxe3 33. Nxe3 Rd8 1/2-1/2

[Event "Indywidualne Mistrzostwa Polski do lat 20"]
[Site "Pokrzywna"]
[Date "1899-12-30"]
[Round "3.9"]
[White "Madajczak, Piotr"]
[Black "Jarzebowski, Kacper"]
[Result "1-0"]
[WhiteTitle "I"]
[BlackTitle "k+"]
[WhiteElo "1829"]
[BlackElo "2107"]

1. c4 e5 2. Nc3 Nf6 3. Nf3 Nc6 4. e4 Bc5 5. Nxe5 Nxe5 6. d4 Bb4 7. dxe5 Nxe4 8.
Qf3 Nxc3 9. bxc3 Bc5 10. Qg3 Kf8 11. Be2 a5 12. Be3 Qe7 13. O-O Ra6 14. f4 f5
15. Bd4 h5 16. Qf2 Rc6 17. Rac1 b6 18. Bf3 Ba3 19. Rcd1 Rxc4 20. Bd5 Rc5 21. Qf3
Ba6 22. Rfe1 Bc4 23. Bxc5 Qxc5+ 24. Kh1 Ke7 25. Qg3 Bxd5 26. Qxg7+ Kd8 27. Qxh8+
Ke7 28. Qf6+ Ke8 29. Qxf5 Qf2 30. Qxh5+ Kd8 31. Qg5+ Kc8 32. Rf1 Qxa2 33. f5 Qe2
34. f6 Kb7 35. Rfe1 Qa2 36. Qd2 1-0